000 00758nam a2200253Ia 4500
003 OSt
005 20220918181904.0
006 a|||||r|||| 00| 0
007 ta
008 220917b |||||||| |||| 00| 0 eng d
024 _a29,131
037 _cTextual
040 _aARTS
_cARTS
_beng
041 _2eng
_aeng
082 _aO111,2J64p,N76, L8
110 _aWorld Shakespeare Congress
_959410
245 0 _aPapers on Shakepeare pattern of excelling nature ed by David Bevington and Jay L Halio
260 _aLondon
_bUniv of Delaware press
_c1978
300 _a304p.
_ccm.
650 _aENGLISH LITERATURE
700 _aWorld Shakespeare Congress
_959411
942 _hO111,2J64p,N76, L8
_cTEXL
_2CC
999 _c167147
_d167147